000 00451cam a22001217a 4500
008 180718b1986 xxu||||| |||| 00| 0 eng d
082 _aP11x54 In2r/1
245 _aThe Teacher and Society: report of the National Commission on teachers
_cby National Commission on Teachers
260 _aNew Delhi
_bThe Manager Commission of India
_c1986
300 _a209p.
700 _aChattopadhyaya, D. P.(Chairman)
700 _aIndia. National Commission on Teacher
999 _c494496
_d494496